000 01138nam a22001937a 4500
999 _c1691
_d1691
005 20230119150325.0
008 230119b ||||| |||| 00| 0 eng d
020 _a9781510457591
040 _cKH8
082 _a004 WAT
100 _aWatson, David
_eauthor
245 _aCambridge International AS & A level computer science /
_cDavid Watson, Helen Williams.
260 _aLondon:
_bHodder Education Group,
_c2019.
300 _a560 p. ;
_bill. :
_c28 cm.
520 _aThis title is endorsed by Cambridge Assessment International Education to support the full syllabus for examination from 2021. Develop computational thinking and ensure full coverage of the revised Cambridge Assessment International Education AS & A Level Computer Science syllabus (9618) with this comprehensive Student's Book written by experienced authors and examiners. - Improve understanding with clear explanations, examples, illustrations and diagrams, plus a glossary of key terms - Reinforce learning with a range of activities, exercises, and exam-style questions.
650 _aComputer science
700 _aWilliams, Helen
_eauthor
942 _2ddc
_cTR